Derniers souvenir: et portraits

Salvato in:
Dettagli Bibliografici
Autore principale: Halévy, F (Autore)
Natura: Libro
Lingua:francese
Pubblicazione: París Michel Lévy Freres 1863
Soggetti:
Tags: Aggiungi Tag
Nessun Tag, puoi essere il primo ad aggiungerne!!

MARC

LEADER 00000nam a2200000 a 4500
001 UCW2316
003 CL-VaPUC
005 20240628104439.0
008 890119e18630000FR |||||||||||||||||fre|d
999 |c 216875  |d 216873 
040 |c Pontificia Universidad Católica de Valparaíso 
082 0 4 |a 780.92  |b HAL  |2 21 
100 0 |a Halévy, F  |e author  |9 306310 
245 1 0 |a Derniers souvenir: et portraits 
260 |a París  |b Michel Lévy Freres  |c 1863 
300 |a 413 p 
583 |a last modification  |c 19890119 00:00:00  |k Rodrigo Vera 
600 0 |a Simart, Charles  |2 CL-VaPUC  |9 306311 
600 0 |a Nurrit, Adolphe  |2 CL-VaPUC  |9 306312 
600 0 |a Mozart, Wolfgang Amadeus  |d 1756-1791  |9 869087 
650 0 |a Música  |9 306269 
650 0 |a Ópera  |2 CL-VaPUC  |9 306284 
942 |c BK  |2 ddc 
945 |d 19890119 00:00:00 
952 |0 0  |1 0  |4 0  |6 780_920000000000000_HAL_1863  |7 0  |8 A  |9 203247  |a BIBEDU  |b BIBEDU  |c BIBEDU_PB  |d 2019-11-15  |i 2705001  |l 1  |o 780.92 HAL 1863  |p 2705001  |r 2024-10-14  |s 2024-10-14  |w 2019-11-15  |y BK  |k MUS